US States with the most NHL players - Statistics

General Stats
  • This quiz has been taken 41 times
  • The average score is 9 of 10
Answer Stats
Rank State Number of Players from State % Correct
3 Massachusetts 29
100%
4 New York 29
100%
6 California 14
97%
2 Michigan 37
97%
1 Minnesota 47
97%
10 Ohio 9
92%
8 Florida 11
89%
7 New Jersey 12
89%
5 Illinois 17
87%
9 Missouri 9
63%
No matching quizzes found
Score Distribution
Percent of People with Each Score
Percentile by Number Answered
Your Score History
You have not taken this quiz